000 00359 a2200097 4500
020 _a1844070042
082 _a363.6109 UNI
245 _aWater and Sanitation in the World's Cities Local Action for Global Goal
_cUnited Nations Human Settlements
260 _aLondon :
_bEarthscan,
_c2003
300 _axxv, 274p. :
_bcol, ill. ;
_c30 cm
650 _aMunicipal Water Supply -- Developing Countries
999 _c414
_d414